|
|
|
|
| LEADER |
02331nam a2200541 4500 |
| 001 |
ocn896595197 |
| 003 |
OCoLC |
| 005 |
20170124070407.8 |
| 006 |
m o d |
| 007 |
cr |n||||||||| |
| 008 |
141120s2014 enk ob 001 0 eng d |
| 040 |
|
|
|a YDXCP
|b eng
|e rda
|c YDXCP
|d IDEBK
|d OCLCQ
|d DG1
|d COO
|d OCLCQ
|d DEBBG
|d GrThAP
|
| 020 |
|
|
|a 1118845145
|q (electronic bk.)
|
| 020 |
|
|
|a 9781118845141
|q (electronic bk.)
|
| 020 |
|
|
|a 9781119966074
|q (e-book)
|
| 020 |
|
|
|a 1119966078
|q (e-book)
|
| 020 |
|
|
|z 9781119965831
|q (cloth)
|
| 020 |
|
|
|z 1119965837
|q (cloth)
|
| 029 |
1 |
|
|a CHBIS
|b 010442257
|
| 029 |
1 |
|
|a CHVBK
|b 334084393
|
| 029 |
1 |
|
|a DEBBG
|b BV043397305
|
| 035 |
|
|
|a (OCoLC)896595197
|
| 050 |
|
4 |
|a HG106
|b .C495 2014
|
| 082 |
0 |
4 |
|a 332.01/51922
|2 23
|
| 049 |
|
|
|a MAIN
|
| 100 |
1 |
|
|a Chin, Eric,
|d 1971-
|e author.
|
| 245 |
1 |
0 |
|a Problems and solutions in mathematical finance.
|n Volume 1,
|p Stochastic calculus /
|c Eric Chin, Dian Nel and Sverrir Ólafsson.
|
| 264 |
|
1 |
|a Chichester, West Sussex :
|b Wiley,
|c 2014.
|
| 300 |
|
|
|a 1 online resource (viii, 379 pages .).
|
| 336 |
|
|
|a text
|b txt
|2 rdacontent
|
| 337 |
|
|
|a computer
|b c
|2 rdamedia
|
| 338 |
|
|
|a online resource
|b cr
|2 rdacarrier
|
| 490 |
1 |
|
|a Wiley finance series
|
| 504 |
|
|
|a Includes bibliographical references and index.
|
| 505 |
0 |
|
|a Preface -- General probability theory -- Wiener process -- Stochastic di?erential equations -- Change of measure -- Poisson process -- A Mathematics formulae -- B Probability theory formulae -- C Differential equations formulae -- Bibliography -- Notation.
|
| 588 |
0 |
|
|a Print version record.
|
| 650 |
|
0 |
|a Finance
|x Mathematical models.
|
| 650 |
|
0 |
|a Stochastic analysis.
|
| 650 |
|
7 |
|a Finance
|x Mathematical models.
|2 fast
|0 (OCoLC)fst00924398
|
| 650 |
|
7 |
|a Stochastic analysis.
|2 fast
|0 (OCoLC)fst01133499
|
| 655 |
|
4 |
|a Electronic books.
|
| 700 |
1 |
|
|a Nel, Dian,
|d 1979-
|e author.
|
| 700 |
1 |
|
|a Olafsson, Sverrir,
|d 1950-
|e author.
|
| 776 |
0 |
8 |
|i Print version:
|z 9781119965831
|z 1119965837
|w (DLC) 2013043864
|
| 776 |
0 |
8 |
|i Print version:
|a Chin, Eric, 1971-
|t Problems and solutions in mathematical finance.
|d Chichester, West Sussex : Wiley, 2014
|z 9781119966074
|w (DLC) 2013048052
|
| 830 |
|
0 |
|a Wiley finance series.
|
| 856 |
4 |
0 |
|u https://doi.org/10.1002/9781118845141
|z Full Text via HEAL-Link
|
| 994 |
|
|
|a 92
|b DG1
|